000 00320 a2200157 4500
001 193091
020 _a978-85-424-0603-0
040 _cMagnum
100 _aTrindade, Kátia
240 1 0 _aCompaixão
_lpor
245 1 0 _aCompaixão
300 _a15
362 0 _a2017
697 _aLITERATURA INFANTIL
942 _cBK
999 _c193091
_d193091